000 00627nam a2200229Ia 4500
003 OSt
005 20221007063611.0
006 a|||||r|||| 00| 0
007 ta
008 221006b |||||||| |||| 00| 0 eng d
024 _a6,615
037 _cTextual
040 _aFLL
_cFLL
_beng
041 _2eng
_aeng
082 _aV2:25:NS, L2
100 _aGajendragadkar P.B. Au.
245 0 _aIndian parliament and Fundamental rights
260 _aCalcutta
_bEastern law house India
_c1972
300 _a211p
_ccm.
942 _hV2:25:NS, L2
_cTEXL
_2CC
999 _c1131639
_d1131639